000 00527nam a22001932 4500
001 0000001533
005 20170406113518.0
008 140116s xx 000 0 eng d
020 _c$
040 _aYour Holding Symbol
_cYour Holding Symbol
100 1 _aBarber,James.
245 1 0 _aRhodesia :
_bthe road to rebellion.
250 _a ed.
260 _anew york :
_binstitute of race relations,
_c1967.
300 _a338 p. ;
_c cm.
504 _aindex.
650 0 _aafrican history.
908 _a140116
999 _c1445
_d1445